000 00481nam a2200205Ia 4500
005 20240823052156.0
008 240823s9999||||xx |||||||||||||| ||und||
020 _a978-81-907708-3-5
041 _aENGLISH
082 _A372.21 Q3
100 _aLakshmi Narayanan K R
245 0 _aValue Education
250 _a1st
260 _c2013
_bNellaiappar
500 _aYES
650 _aVakue Education
_bGeneral
700 _a Uma Maheshwari M
942 _cBK
999 _c221257
_d221257